| 000 | 00600nam a2200217 a 4500 | ||
|---|---|---|---|
| 999 |
_c3076 _d3076 |
||
| 001 | 3076 | ||
| 003 | BD-JhCC | ||
| 005 | 20171109192751.0 | ||
| 008 | 171109s1971 bg |||| ||a| 000 0 ben d | ||
| 035 | _a(BD-JhCC)3076 | ||
| 040 |
_aBD-JhCC _dBD-JhCC |
||
| 041 | _aben | ||
| 082 |
_a891.4409 _bFAZ 1971 |
||
| 100 | _aফজল, আবুল | ||
| 245 |
_aসমকলীন চিন্তা / _cআবুল ফজল |
||
| 260 |
_aঢাকা : _bমুক্তধারা, _c১৯৭১. |
||
| 300 |
_a144 p. : _c21 cm. |
||
| 650 | _aBengali Literature | ||
| 942 |
_2ddc _cBK |
||